C# 2005 Tập 6 Xây dựng ứng dụng tuyển dụng nhân sự trực tuyến bằng ASP.NET 2.0 và SQL Server : Quyển 1 Các chức năng dành cho người xin việc

Cuốn sách này giúp bạn hiểu cách khai báo lớp tương tác với cơ sở dữ liệu SQL Server và lớp trình bài dữ liệu trên các điều khiển ASP.NET , sử dụng các khai báo phân trang trên điều khiển GridView

Guardado en:
Detalles Bibliográficos
Autor principal: Phạm Hữu Khang (Chủ biên)
Otros Autores: Đoàn Thiện Ngân (Hiệu đính)
Formato: Libro
Lenguaje:Vietnamese
Publicado: H. Lao động xã hội 2007
Materias:
Etiquetas: Agregar Etiqueta
Sin Etiquetas, Sea el primero en etiquetar este registro!
Thư viện lưu trữ: Thư viện Trường Đại học Nam Cần Thơ
LEADER 01692nam a22002297a 4500
001 NCT_46442
008 180713b xxu||||| |||| 00| 0 vie d
999 |c 2222  |d 2222 
020 |c 89000 
082 0 4 |2 23rd ed.  |a 005.133  |b Kh106/T.6-Q.1 
100 1 |a Phạm Hữu Khang  |e Chủ biên 
245 1 0 |a C# 2005  |n Tập 6 Xây dựng ứng dụng tuyển dụng nhân sự trực tuyến bằng ASP.NET 2.0 và SQL Server : Quyển 1  |p Các chức năng dành cho người xin việc  |c Phạm Hữu Khang (chủ biên); Đoàn Thiện Ngân (hiệu đính) 
260 |a H.  |b Lao động xã hội  |c 2007 
300 |a 375 tr.  |b Minh họa  |c 24 cm 
520 3 |a Cuốn sách này giúp bạn hiểu cách khai báo lớp tương tác với cơ sở dữ liệu SQL Server và lớp trình bài dữ liệu trên các điều khiển ASP.NET , sử dụng các khai báo phân trang trên điều khiển GridView 
653 |a Công nghệ thông tin 
700 1 |a Đoàn Thiện Ngân  |e Hiệu đính 
942 |2 ddc  |c BK 
952 |0 0  |1 0  |2 ddc  |4 0  |6 005_133000000000000_KH_106_T_6Q_1  |7 0  |9 12693  |a 000001  |b 000001  |d 2018-07-13  |o 005.133 Kh.106/T.6-Q.1  |p MD.05340  |r 2018-07-13  |v 89000.00  |w 2018-07-13  |y BK 
952 |0 0  |1 0  |2 ddc  |4 0  |6 005_133000000000000_KH_106_T_6Q_1  |7 0  |9 12694  |a 000001  |b 000001  |d 2018-07-13  |o 005.133 Kh.106/T.6-Q.1  |p MD.02283  |r 2018-07-13  |v 89000.00  |w 2018-07-13  |y BK 
952 |0 0  |1 0  |2 ddc  |4 0  |6 005_133000000000000_KH_106_T_6Q_1  |7 0  |9 12708  |a 000001  |b 000001  |d 2018-07-13  |o 005.133 Kh.106/T.6-Q.1  |p MD.02286  |r 2018-07-13  |v 89000.00  |w 2018-07-13  |y BK 
980 |a Thư viện Trường Đại học Nam Cần Thơ